| 000 | 00725nam a22002057a 4500 | ||
|---|---|---|---|
| 999 |
_c17325 _d17325 |
||
| 003 | AR-CdUCM | ||
| 008 | 190508b ||||| |||| 00| 0 spa d | ||
| 040 |
_aMUNICIPALIDAD PROVINCIAL DEL CUSCO _cBIBLIOTECA MUNICIPAL DEL CUSCO |
||
| 082 |
_a338.54 / _bH11 |
||
| 100 |
_aHaberler, Gottfried _937280 |
||
| 245 | _aEnsayos sobre el ciclo económico / | ||
| 260 |
_aMéxico : _bFondo de cultura económica, _c1994. |
||
| 300 |
_a521 páginas ; _c25 cm. |
||
| 505 | _aContenido : Análisis del cambio económico -- ahorro e inversión -- teorema de telaraña... | ||
| 650 |
_aCiclo económico _96696 |
||
| 650 |
_aAhorro e inversión _931025 |
||
| 650 |
_aDisturbios monetarios _937281 |
||
| 942 |
_2ddc _cLIBROS |
||
| 945 | _arcc | ||